Statistiken für Deutsche Streamer Emotes

Klicken Sie hier um das Quiz zu spielen!

Allgemein

  • Dieses Quiz wurde 77 mal gespielt
  • Das Durchschnittsergebnis liegt bei 6 aus 16

Antwortstatistiken

Antwort% Korrekt
Rezo
94%
Papaplatte
92%
TheRealKnossi
92%
Baso
56%
AnniTheDuck
51%
RevedTV
49%
Dhalucard
38%
Mahluna
33%
Gnu_Live
28%
Gronkh
13%
Mienah
11%
HandiOfiBlood
8%
Sterzik
4%
xPandorya
4%
Gamestar
1%
MckyTV
1%

Verteilung der Resultate

Perzentil nach korrekt beantworteten Fragen

Anzahl Personen mit jedem Resultat

Ihre Resultats-Entwicklung

Sie haben dieses Quiz noch nicht gespielt